000
00220 a2200097 4500
001
7712
100
_a
Jaeger, J.C
245
_a
Introduction to the laplace transformation
260
_a
_b
Methuen
_c
090
_c
6170
_d
6170
942
_a
NUST-CAE
_c
M
_c
32679
999
_c
242785
_d
242785